000 00758cam a22002653a 4500
001 17935
003 PGUSA
005 20140828083400.0
008 060306s2006||||xxu|||||s|||||000 | eng d
040 _aPGUSA
_beng
042 _adc
050 4 _aTT
100 1 _aBitmead, Richard
245 1 0 _aFrench Polishing and Enamelling :
_bA Practical Work of Instruction
_h[electronic resource] /
_cRichard Bitmead
260 _bProject Gutenberg,
_c2006
506 _aPublic domain in the USA.
516 _aElectronic text
653 _aVarnish and varnishing
653 _aWood finishing
653 _aPolishes
653 _aStains and staining
830 0 _aProject Gutenberg
_v17935
856 4 0 _uhttp://www.gutenberg.org/ebooks/17935
942 _cEB
999 _c247190
_d247190